Biblioteca dos Sonhos / (Record no. 286)

MARC details
000 -LÍDER
campo de controle de tamanho fixo 02819nam a2200301 4500
001 - NÚMERO DE CONTROLE
campo de controle 286
003 - IDENTIFICADOR DO NÚMERO DE CONTROLE
campo de controle OSt
005 - DATA E HORÁRIO DA ÚLTIMA TRANSAÇÃO
campo de controle 20250528074017.0
008 - CAMPO DE DADOS FIXOS--INFORMAÇÃO GERAL
campo de controle de tamanho fixo 250317b |||||||j |||| 00| 1 eng d
020 ## - ISBN - INTERNATIONAL STANDARD BOOK NUMBER
ISBN - International Standard Book Number 9786555983210
040 ## - FONTE DA CATALOGAÇÃO
Idioma da catalogação por
041 ## - CÓDIGO DE IDIOMA
Código do idioma do original e/ou traduções intermediárias do texto eng
Código do idioma do texto/trilha sonora ou título diferente por
082 ## - CDD - CLASSIFICAÇÃO DECIMAL DE DEWEY
Número de Classificação I 028.5
Número do exemplar K79b
100 1# - ENTRADA PRINCIPAL--NOME PESSOAL
Nome pessoal Kohara, Kazuno.
9 (RLIN) 533
240 ## - TÍTULO UNIFORME
Título uniforme The Midnight Library
245 ## - TÍTULO
Título Biblioteca dos Sonhos /
Indicação de responsabilidade, etc. Kohara, Kazuno ; Tradução de Bruno Dorigatti
260 ## - PUBLICAÇÃO, DISTRIBUIÇÃO, ETC.
Local de publicação, distribuição, etc. Rio de Janeiro
Nome do editor, distribuidor, etc. DarkSide
Data da publicação, distribuição, etc. 2023
300 ## - DESCRIÇÃO FÍSICA
Extensão 32 p.
Outros detalhes físicos il.
520 ## - NOTA DE RESUMO, ETC.
Resumo, etc. Uma viagem pelo mundo mágico dos livros e bibliotecas<br/><br/>Era uma vez uma biblioteca que abria apenas à meia-noite... Assim começa a jornada lúdica e fantástica de Biblioteca dos Sonhos. Quando estamos na cama, prontos para dormir, esta curiosa biblioteca abre suas portas para todos os animais noturnos.<br/><br/>Lá dentro, a pequena bibliotecária e as suas três corujas assistentes orientam todos os animais que vêm de toda a parte da cidade a encontrar o seu livro perfeito. A biblioteca está sempre repleta de personagens. Até que, em uma noite, uma banda de esquilos começa a fazer uma enorme barulheira com seus instrumentos... Contando com a ajuda de todos os personagens presentes, a bibliotecária tenta colocar ordem na bagunça!<br/><br/>Biblioteca dos Sonhos, da premiada autora Kazuno Kohara — autora de O Pequeno Bruxo, outro lançamento da Caveirinha, o selo infantil da DarkSide ® Books, e já publicada no Brasil pela finada e consagrada Cosac Naify — é uma história de enorme beleza e empatia, uma celebração mágica da literatura e do universo fantástico das bibliotecas. Uma obra capaz de propagar o amor pelos livros para uma nova geração de pequenos leitores<br/><br/>Em suas obras, a autora utiliza a técnica da linogravura, semelhante à conhecida técnica da xilogravura, e deixa transbordar delicadeza. Kazuno possui o equilíbrio e o ritmo preciso para encantar a todos que se aproximam de suas obras.<br/><br/>Biblioteca dos Sonhos integra a marca Caveirinha, que traz histórias e fábulas cheias de imaginação: os pequenos leitores já viveram aventuras extraordinárias em Jumanji e Zathura, aprenderam a encarar a vida com coragem em A Vida Não me Assusta — clássico poema de Maya Angelou, ilustrado com as pinturas de Basquiat — e mergulharam no imaginário de um dos mestres do terror com O Fantástico Alfabeto Lovecraft. O livro chega em uma edição caprichada, com capa dura e todo o carinho da editora mãe. Construa desde já a biblioteca perfeita para os pequenos sonhadores do nosso futuro.
650 #0 - ASSUNTO--TERMO TÓPICO
Cabeçalho tópico ou nome geográfico Literatura Japonesa
9 (RLIN) 534
650 #0 - ASSUNTO--TERMO TÓPICO
Cabeçalho tópico ou nome geográfico Infantil
9 (RLIN) 535
650 #0 - ASSUNTO--TERMO TÓPICO
Cabeçalho tópico ou nome geográfico Aventura
9 (RLIN) 47
650 #0 - ASSUNTO--TERMO TÓPICO
Cabeçalho tópico ou nome geográfico Fantasia
9 (RLIN) 45
650 #0 - ASSUNTO--TERMO TÓPICO
Cabeçalho tópico ou nome geográfico Animais
9 (RLIN) 59
655 #0 - TERMO DE ÍNDICE--GÊNERO E FORMA
Gênero/forma/ou termo foco Ficção
700 ## - ENTRADA ADICIONADA - NOME PESSOAL
Nome pessoal Bruno Dorigatti
Função do autor por extenso Tradução
9 (RLIN) 536
942 ## - ELEMENTOS DE ENTRADA ADICIONADOS (KOHA)
Fonte de classificação ou esquema de arquivamento Classificação decimal de Dewey
Ocultar no OPAC Não
Tipo de material Koha Livros
Holdings
Situação do descarte Situação das perdas Fonte de classificação ou esquema de arquivamento Status danificado Não pode ser emprestado Coleção Biblioteca de origem Biblioteca atual Localização na estante Data de aquisição Fonte de aquisição Total de empréstimos Número de chamada completo Código de barras Data de último acesso Data do preço efetivo Tipo de material Koha
    Classificação decimal de Dewey     Ficção Biblioteca Professor Eduardo Afonso de Castro Biblioteca Professor Eduardo Afonso de Castro Infantil 17.03.2025 doação   I 028.5 / K79b 2025-17241 17.03.2025 17.03.2025 Livros

Powered by Koha